| 000 | 00909nam a22002297a 4500 | ||
|---|---|---|---|
| 003 | BCEG | ||
| 005 | 20260113172638.0 | ||
| 008 | 260113b1997 mx|||||| |||| 00| 0 spa d | ||
| 040 |
_aBCEG _bspa _cBCEG |
||
| 082 | 0 | 4 |
_a551.22 _bL925i |
| 100 | 1 | _aLópez Bátiz, Oscar. | |
| 245 | 1 | 0 |
_aInforme de daños en edificaciones durante el sismo de Colima del 9 de octubre de 1995 en la zona epicentral _b: Informe sobre las ciudades de Manzanillo, Cihuatlán, Barra de Navidad, Melaque y Jaluco. |
| 260 |
_aMéxico : _bSecretaría de Gobernación, Centro Nacional de Prevención de Desastres, _c1997. |
||
| 300 |
_a29 p. _b: tabs., maps. |
||
| 490 |
_aCuadernos de Investigación ; _v40. |
||
| 504 | _aIncluye bibliografía. | ||
| 541 | _aDonación. | ||
| 650 | 1 | 4 |
_aSismos _xInformes _zColima (México). |
| 651 |
_aDesastres naturales _zColima (México). |
||
| 700 | 1 |
_aTeshigawara, Masaomi, _ecoaut. |
|
| 942 | _cBK | ||
| 999 |
_c436989 _d436989 |
||